000
00404nam a22001697a 4500
003
MPLRDC
005
20220104142609.0
008
210129b ||||| |||| 00| 0 eng d
082
_a
191.6 LX
100
_a
吕行
245
_a
人性分析与永远的和平
_c
250
_a
初版
260
_a
_b
世界书局
_c
1963
300
_b
平
650
_a
人生哲学--人性论
942
_c
BK
_o
191.6 LX
999
_c
32170
_d
32160